| 000 | 01790nam a2200421Ia 4500 | ||
|---|---|---|---|
| 001 | ebr10115192 | ||
| 003 | CaPaEBR | ||
| 006 | m u | ||
| 007 | cr cn||||||||| | ||
| 008 | 040928s2005 nyu sb 001 0 eng d | ||
| 010 | _z 2004059985 | ||
| 020 | _z1403973539 | ||
| 020 | _z1403967792 (alk. paper) | ||
| 040 |
_aCaPaEBR _cCaPaEBR |
||
| 035 | _a(OCoLC)560026900 | ||
| 050 | 1 | 4 |
_aPS3057.P64 _bN48 2005eb |
| 082 | 0 | 4 |
_a818/.309 _222 |
| 100 | 1 | _aNewman, Lance. | |
| 245 | 1 | 0 |
_aOur common dwelling _h[electronic resource] : _bHenry Thoreau, transcendentalism, and the class politics of nature / _cLance Newman. |
| 250 | _a1st ed. | ||
| 260 |
_aNew York : _bPalgrave Macmillan, _c2005. |
||
| 300 | _axv, 255 p. | ||
| 504 | _aIncludes bibliographical references (p. [213]-245) and index. | ||
| 533 |
_aElectronic reproduction. _bPalo Alto, Calif. : _cebrary, _d2009. _nAvailable via World Wide Web. _nAccess may be limited to ebrary affiliated libraries. |
||
| 600 | 1 | 0 |
_aThoreau, Henry David, _d1817-1862 _xPolitical and social views. |
| 600 | 1 | 0 |
_aWordsworth, William, _d1770-1850 _xAppreciation _zNew England. |
| 600 | 1 | 0 |
_aWordsworth, William, _d1770-1850 _xInfluence. |
| 650 | 0 |
_aPolitics and literature _zNew England _xHistory _y19th century. |
|
| 650 | 0 |
_aLiterature and society _zNew England _xHistory _y19th century. |
|
| 650 | 0 |
_aSocial classes _zNew England _xHistory _y19th century. |
|
| 650 | 0 | _aTranscendentalism (New England) | |
| 650 | 0 | _aSocial classes in literature. | |
| 650 | 0 | _aNature in literature. | |
| 651 | 0 |
_aNew England _xSocial conditions. |
|
| 655 | 7 |
_aElectronic books. _2local |
|
| 710 | 2 | _aebrary, Inc. | |
| 856 | 4 | 0 |
_uhttp://site.ebrary.com/lib/rucke/Doc?id=10115192 _zAn electronic book accessible through the World Wide Web; click to view |
| 999 |
_c103536 _d103536 |
||